Регионална библиотека "Любен Каравелов" - Русе

Писма (Запис номер 444745)

MARC детайли
000 -Лидер
Контролно поле с фиксирана дължина 01675nam a2200301 a 4500
001 - Контролен номер на записа
Контролно поле 444745
003 - Код на организацията, давaща контролен номер
Контролно поле BLK
005 - Дата и час на последна редакция
Контролно поле 20240318141924.0
008 - Елементи от данни с фиксирана дължина
fixed length control field 220211b bu |||||r|||||||| ||bu ||
040 ## - Източник на каталожния запис
Идентификатор на билиотеката - собственик на записа BLK
041 ## - Код за език
Код за езика на текст/звукозапис или на отделно заглавие Български
Код за езика КДБФ Български
080 ## - УДК
Текстов определител УДК Комунистически партии. Вж и 327.323
УДК код - определител по УДК 329.15
УДК определител (497.2)
УДК - код + определител 329.15(497.2)
080 ## - УДК
Текстов определител УДК Михайлов, Георги Димитров. Български политик, ръководител на БКП и генерален секретар на Коминтерна, министър-председател
УДК код - определител по УДК 929 Димитров, Георги
УДК - код + определител 929 Димитров, Георги
100 ## - Редна дума - Автор
R(LIN) 409399
Автор Димитров, Георги
Дати, свързани с автора 1882 - 1949
Пълна форма на името Михайлов, Георги Димитров
139 ## - Редно поле
Редна дума Димитров, Георги Михайлов
245 ## - Сведения за заглавието
Заглавие Писма
Подзаглавни данни 1905 - 1949
Редно поле (дума) Георги Димитров ; състав. Петра Раденкова и др. ;под ред. на Петър Георгиев, Петра Раденкова
257 ## - Страна на издаване
Страна на създаване/издаване България
260 ## - Област на издателските данни
9 (RLIN) 212206
Място на издаване, разпространение и проч. София
Име на издателя, разпространителя и проч. БКП
Година на издаване 1962
300 ## - Физическа характеристика
Страници 586 с.
Илюстрации и др. с портр. и факс. : 1 л. портр.
Размери/Мащаб 23 см
380 ## - Жанр
Жанр Обществени науки
500 ## - Общи забележки
Забележка Други състав.: Стоянка Поборникова, Мария Ерелийска, Трендафила Ангелова, Бойка Добрева. - Изд. на Инст. по история на БКП при ЦК на БКП
600 14 - Име на лице, използвано като предмет
9 (RLIN) 61758
За него / За нея Димитров, Георги Михайлов
653 #7 - Ключова дума – ненормативна
9 (RLIN) 193794
Ключова дума писма
852 ## - Местоположение
Форматна сигнатура Цб 24160
942 ## - АРТИКУЛИ
Вид на библиотечния материал Книги
Скрит в OPAC Не
Периодичен библиозапис Да
944 ## - СЪЗДАВАНЕ И РЕДАКЦИЯ на ЗАПИСА
Създаване/Редакция Създаване
Дата на регистрацията/редакция 2022-02-11
Служител, извършил регистрацията/редакцията 30550
Статус, дата на статуса Кети Илиева
999 ## - СИСТЕМНИ КОНТРОЛНИ НОМЕРА
Koha biblionumber 444745
Koha biblioitemnumber 444745
999 ## - СИСТЕМНИ КОНТРОЛНИ НОМЕРА
Koha biblioitemnumber 444745
Наличности
Код за отписване Код за изгубен артикул Източник на класификационната схема Код за повреда Коз за рестрикции Код за отдаване Артикулен № Име на библиотеката - собственик Име на библиотеката, в която се намира в момента Статус (Текущо местоположение) Дата на вписване в системата Местоположение - отдел Цена в лева Инвентарен номер Систематично азбучна сигнатура Баркод Цена в евро Служебен тип на артикула
  Не е изгубен Universal Decimal Classification Не е повреден само за читалня ползва се в читалня 871651 Регионална библиотека "Любен Каравелов" Русе Регионална библиотека "Любен Каравелов" Русе Хранилище 2022-02-14 Хранилище 1.35 15500/62 Цб 24160 900000089752 0.69 Книги
Vip Innovations Ltd, Rousse, Bulgaria 2025